LEADER 01347nam a22002531i 4500 001 991001061499707536 005 20030226152505.0 008 021115s1954 it |||||||||||||||||ita 035 $ab12094390-39ule_inst 035 $aARCHE-018419$9ExL 040 $aDip.to Filologia Ling. e Lett.$bita$cA.t.i. Arché s.c.r.l. Pandora Sicilia s.r.l. 082 04$a940.1 111 2 $aConvegno di studi delle fonti del Medioevo europeo$d<1953 ;$cRoma>$0211495 245 13$aLa pubblicazione delle fonti del Medioevo europeo negli ultimi 70 anni :$b1883-1953 : relazioni al Convegno di studi delle fonti del Medioevo europeo in occasione del 70. della fondazione dell'Istituto storico italiano : Roma, 14-18 aprile 1953 /$cIstituto storico italiano per il Medio Evo 260 $aRoma :$bnella sede dell'Istituto,$c1954 300 $a365 p. ;$c26 cm 650 4$aMedioevo$xFonti 710 2 $aIstituto storico italiano per il Medio Evo$eauthor$4http://id.loc.gov/vocabulary/relators/aut$0195219 907 $a.b12094390$b02-04-14$c01-04-03 912 $a991001061499707536 945 $aLE008 L.Glott. V 107$g1$iLE008IG-1093$lle008$o-$pE0.00$q-$rl$s- $t0$u0$v0$w0$x0$y.i12395742$z01-04-03 996 $aPubblicazione delle fonti del Medioevo europeo negli ultimi 70 anni$91457788 997 $aUNISALENTO 998 $ale008$b01-04-03$cm$da $e-$fita$git $h3$i1 LEADER 01967nam 2200469 450 001 9910705705003321 005 20170711091617.0 035 $a(CKB)5470000002453362 035 $a(OCoLC)993435119 035 $a(EXLCZ)995470000002453362 100 $a20170711j201703 ua 0 101 0 $aeng 135 $aurcn||||||||| 181 $ctxt$2rdacontent 182 $cc$2rdamedia 183 $acr$2rdacarrier 200 10$aBuckling test results and preliminary test and analysis correlation from the 8-foot-diameter orthogrid-stiffened cylinder test article TA02: test dates: 3-6 February 2009 /$fMark W. Hilburger [and three others] 210 1$aHampton, Virginia :$cNational Aeronautics and Space Administration, Langley Research Center,$dMarch 2017. 215 $a1 online resource (x, 91 pages) $ccolor illustrations 225 1 $aNASA/TP ;$v2017-219587 300 $a"March 2017." 300 $a"Performing organization: NASA Langley Research Center"--Report documentation page. 320 $aIncludes bibliographical references (page 80). 517 $aBuckling test results and preliminary test and analysis correlation from the 8-foot-diameter orthogrid-stiffened cylinder test article TA02 606 $aBuckling$2nasat 606 $aCompression loads$2nasat 606 $aCylindrical shells$2nasat 606 $aLaunch vehicles$2nasat 606 $aAluminum alloys$2nasat 615 7$aBuckling. 615 7$aCompression loads. 615 7$aCylindrical shells. 615 7$aLaunch vehicles. 615 7$aAluminum alloys. 700 $aHilburger$b Mark W$g(Mark William),$01395062 712 02$aLangley Research Center, 801 0$bGPO 801 1$bGPO 906 $aBOOK 912 $a9910705705003321 996 $aBuckling test results and preliminary test and analysis correlation from the 8-foot-diameter orthogrid-stiffened cylinder test article TA02: test dates: 3-6 February 2009$93453051 997 $aUNINA